000 02718cam a22005054i 4500
003 PE-LiUPU
005 20250731183432.0
008 150706s2010 r 000 0 d
020 _a9789972209987
035 _a(Sirsi) i9789972209987
040 _aPE-LiUPU
_bspa
_cPE-LiUPU
_erda
049 _aPRUA
082 0 4 _a721
_bA1
_221
245 0 1 _aAcabados de construcción :
_bsuelos, paredes, techos, fachadas /
_cOscar Asensio.
264 1 _a[Barcelona] :
_bLexus Editores,
_c2010.
300 _a255 páginas :
_bilustraciones a color ;
_c35 centimetros
336 _atext
_2rdacontent
337 _aunmediated
_2rdamedia
338 _avolume
_2rdacarrier
505 0 _aSuelos -- Paredes -- Techos -- Fachadas -- Directorio de colaboradores -- Direcciones útiles -- Glosario.
526 _aP158
526 _aP146
526 _aP17
526 _aP12
526 _aP06
541 _g001-003517;
541 _g015-0015392;
541 _g015-0016383;
650 0 4 _aDetalles Arquitectónicos.
700 1 _aAsensio, Oscar,
_eed.
700 1 _aPatricio Salazar, Denis Juan,
_eil.
910 _agl
_cjck
_d20120522
910 _ajck
_bjvq
_cjpc
_d2017082
942 _2ddc
_cBOOK
949 _a721 A1
_wDEWEY
_c1
_i64753
_lCCODEBUL1
_mBUL
_p30.00
_r0
_sY
_tBOOK
_u2015-7-6
_xINGENIERIA
_PP06
_o.STAFF. Colección General
949 _a721 A1
_wDEWEY
_c2
_i67563
_lCCODEBUL1
_mBUL
_p12.00
_r0
_sY
_tBOOK
_u2015-7-6
_xINGENIERIA
_PP06
_o.STAFF. Colección General
949 _a721 A1
_wDEWEY
_c3
_i69679
_lCCODEBUL1
_mBUL
_p25.00
_r0
_sY
_tBOOK
_u2015-7-6
_xINGENIERIA
_PP06
_o.STAFF. Colección General
994 _aC0
_bPEPRU
596 _a1
999 _a721 A1
_wDEWEY
_c53456
_i64753
_d53456
_e2017-6-28
_f2021-11-9
_g6
_lCCODEBUL1
_mBUL
_n1
_p30.00
_r0
_sY
_tBOOK
_u2015-7-6
_xINGENIERIA
_PP06
_0COMPRA
_o.STAFF. Colección General
999 _a721 A1
_wDEWEY
_c2
_i67563
_d2019-5-28
_e2017-4-4
_f2021-11-9
_g6
_lCCODEBUL1
_mBUL
_n1
_p12.00
_q1
_r0
_sY
_tBOOK
_u2015-7-6
_xINGENIERIA
_PP06
_0COMPRA
_o.STAFF. Colección Ingenieria y Arquitectura
999 _a721 A1
_wDEWEY
_c3
_i69679
_d2019-5-28
_e2017-4-3
_f2021-11-9
_g7
_lCCODEBUL1
_mBUL
_n1
_p25.00
_q1
_r0
_sY
_tBOOK
_u2015-7-6
_xINGENIERIA
_PP06
_0COMPRA
_o.STAFF. Colección Ingenieria y Arquitectura
999 _a721 A1
_wDEWEY
_c4
_i76312
_d2019-8-8
_e2018-11-16
_f2021-11-9
_g4
_lCCODEBUL1
_mBUL
_n1
_p12.00
_q5
_r0
_sY
_tBOOK
_u2017-8-2
_xINGENIERIA
_PP06
_0COMPRA
_o.STAFF. Colección Ingeniería y Arquitectura
980 _81
_gALBERTO SANCHEZ Responsable de Automatización